00581nam a2200205Ia 450000500170000000800410001702000150005808200210007310000190009424500220011326000590013530000150019465000110020965000100022065000160023065000110024694200060025795200970026399900150036020250120015255.0240331s9999 xx 000 0 und d a0803986645 bYUV24168a305.3 aYuval-Davis, N 0aGender and Nation aLondonaCaliforniaaNew DelhibSAGE Publicationsc1997 ax, 157 p., aGender aWomen aCitizenship aNation cL 001040708LaWERCLbWERCLcSSCd2024-03-31l0o 305.3 YUVp4168r2024-03-31w2024-03-31yL c1616d1616